| 000 | 00617nam a22001457a 4500 | ||
|---|---|---|---|
| 005 | 20241125122014.0 | ||
| 008 | 241125b |||||||| |||| 00| 0 eng d | ||
| 020 | _a9780406851703 | ||
| 245 | _aThe All England Law Reports 1990 Vol. 1 | ||
| 260 |
_aLondon, UK _bButterworths & Co. (Publishing) Ltd _c1990 |
||
| 300 |
_axx, 1120 pages _c23.5 cm |
||
| 500 | _aEditor ; Hutchesson Peter LLM. Barrister, New Zealand. Assistant Editor ; Watson Brook of Lincoln Inn, Barrister and of the New South Wales Bar. Consulting Editor : Shockett Wendy of Gray's Inn, Barrister. | ||
| 650 |
_2Law Reports _xUK |
||
| 942 |
_2lcc _cBK _n0 |
||
| 999 |
_c1512 _d1512 |
||